Colonización española en América / (Record no. 13798)

MARC details
000 -LEADER
campo de control de longitud fija 01014nam a2200253 i 4500
001 - NÚMERO DE CONTROL
campo de control 13798
003 - IDENTIFICADOR DE NÚMERO DE CONTROL
campo de control ES-MaACL
005 - FECHA Y HORA DE LA ÚLTIMA TRANSACCIÓN
campo de control 20231227062626.0
007 - CAMPO FIJO DE DESCRIPCIÓN FÍSICA--INFORMACIÓN GENERAL
campo de control de longitud fija t|
008 - DATOS DE LONGITUD FIJA--INFORMACIÓN GENERAL
campo de control de longitud fija 980707s1960 sp ||||1| spa d
080 ## - NÚMERO DE LA CLASIFICACIÓN DECIMAL UNIVERSAL
Número de la Clasificación Decimal Universal 325.4(8=60)
245 00 - MENCIÓN DEL TÍTULO
Título Colonización española en América /
Mención de responsabilidad, etc. prólogo, Ramón Menéndez Pidal ; colaboraciones, Juan Manzano Manzano... (et al.).
260 ## - PUBLICACIÓN, DISTRIBUCIÓN, ETC.
Lugar de publicación, distribución, etc. Madrid :
Nombre del editor, distribuidor, etc. Asociación Francisco de Vitoria,
Fecha de publicación, distribución, etc. 1960-1961.
300 ## - DESCRIPCIÓN FÍSICA
Extensión 177 p. ;
Dimensiones 25 cm.
490 1# - MENCIÓN DE SERIE
Mención de serie Anuario de la Asociación Francisco de Vitoria ;
Designación de volumen o secuencia 13
500 ## - NOTA GENERAL
Nota general Es el vol. XIII del Anuario de la Asociación Francisco de Vitoria, Madrid 1960-61.
651 #4 - PUNTO DE ACCESO ADICIONAL DE MATERIA--NOMBRE GEOGRÁFICO
Nombre geográfico América española-
Subdivisión general Colonización.
9 (RLIN) 7721
700 1# - ENTRADA AGREGADA--NOMBRE PERSONAL
Nombre de persona Menéndez Pidal, Ramón,
Fechas asociadas al nombre 1869-1968
9 (RLIN) 80315
700 1# - ENTRADA AGREGADA--NOMBRE PERSONAL
Nombre de persona Manzano Manzano, Juan.
9 (RLIN) 76227
710 2# - ENTRADA AGREGADA--NOMBRE DE ENTIDAD CORPORATIVA
Nombre de entidad corporativa o nombre de jurisdicción como elemento de entrada Asociación Francisco de Vitoria.
9 (RLIN) 1708
830 0# - PUNTO DE ACCESO ADICIONAL DE SERIE-TÍTULO UNIFORME
Título uniforme Anuario de la Asociación Francisco de Vitoria ;
Designación de volumen o secuencia 13
9 (RLIN) 228459
852 ## - LOCALIZACIÓN
Ubicación ES-MaACL
Número de control de estantería L-21206
Sublocalización o colección R.124832
Holdings
Estatus retirado Estado de pérdida Estado de daño No para préstamo Biblioteca de origen Biblioteca actual Ubicación en estantería Fecha de adquisición Fuente de adquisición Total de préstamos Signatura topográfica completa Código de barras Visto por última vez Precio de reemplazo Tipo de ítem Koha
        Biblioteca del Ateneo de Madrid Biblioteca del Ateneo de Madrid Depósito 2 17/01/2008     L-21206 1014042 23/02/2023 23/02/2023 Libro impreso